LEADER 00883nam0-22002891i-450- 001 990000106230403321 035 $a000010623 035 $aFED01000010623 035 $a(Aleph)000010623FED01 035 $a000010623 100 $a20011111d--------km-y0itay50------ba 101 0 $aita 105 $ay-------001yy 200 1 $aMachines frigorifiques$eproduction et application du froid artificiel$fH. Lorenz$gtraduit de l'allemand avec l'autorisation de l'auteur par P. Petit et et J. Jauet. 210 $aParis$cGauthier-Villars$d1898 215 $aIX, 186 p.$cill.$d25 cm 225 1 $aEncyclopédie industrielle 610 0 $aMacchine frigorifere 676 $a621.57 700 1$aLorenz,$bH. 801 0$aIT$bUNINA$gRICA$2UNIMARC 901 $aBK 912 $a990000106230403321 952 $a13 AR 19 C 50$b4569$fFINBC 959 $aFINBC 997 $aUNINA DB $aING01 LEADER 01147nam--2200361---450- 001 990003624550203316 005 20120216101034.0 010 $a978-88-387-5710-0 035 $a000362455 035 $aUSA01000362455 035 $a(ALEPH)000362455USA01 035 $a000362455 100 $a20120216d2010----km-y0itay50------ba 101 $aita 102 $aIT 105 $a||||||||001yy 200 1 $a<> nuovo dirigente scolastico$etra leadership e management$fa cura di Giancarlo Cerini$gcontributi di Anna Armone ... [et al.] 210 $aSantarcangelo di Romagna$cMaggioli$d2010 215 $a322 p.$d24 cm 225 2 $a<> quaderni di Rivista dell'istruzione$v1 410 0$12001$a<> quaderni di Rivista dell'istruzione$v1 606 1 $aDirigenti$xScuole$2BNCF 676 $a371.2012 702 1$aCERINI,$bGiancarlo 702 1$aARMONE,$bAnna 801 0$aIT$bsalbc$gISBD 912 $a990003624550203316 951 $a371.201 NUO 1$b19369 E.C.$c371.201$d00306757 959 $aBK 969 $aECO 979 $aIANNONE$b90$c20120216$lUSA01$h1010 996 $aNuovo dirigente scolastico$91137011 997 $aUNISA